000
002540000a22000970004500
100
1
_a
Huh, Do-Hwa
245
1
0
_a
A new understanding of prophetic preaching
300
_a
Vol.23, núm.2 (Junio-Agosto, 2005), Páginas 39-47
773
0
_t
Evangel
942
_c
ANA
999
_c
60535
_d
60535